Organizacija mašinnoj obrabotki ekonomičeskoj informacii v potrebitel'skoj kooperacii

Gespeichert in:
Bibliographische Detailangaben
Format: Buch
Sprache:Russisch
Veröffentlicht: Moskva Ekonomika 1986
Ausgabe:1. izd.
Tags: Tag hinzufügen
Keine Tags, Fügen Sie das erste Tag hinzu!

MARC

LEADER 00000nam a2200000 4500
001 c032191
005 20221220074020.4
041 0 |a rus 
044 |a RU 
245 1 0 |a Organizacija mašinnoj obrabotki ekonomičeskoj informacii v potrebitel'skoj kooperacii 
250 |a 1. izd. 
264 1 |a Moskva  |b Ekonomika  |c 1986 
300 |a 270 s.